[Event "TUR-ch U13/18"]
[Site "Antalya"]
[Date "2023.01.28"]
[Round "10"]
[White "Demirci, Samet Erhan"]
[Black "Gedik, Kerem Bilge"]
[Result "0-1"]
[WhiteElo "1479"]
[BlackElo "1725"]
[PlyCount "70"]
[EventDate "2023.01.17"]
[EventType "swiss"]
[EventRounds "10"]
[EventCountry "TUR"]
[SourceTitle "EXT 2024"]
[Source "ChessBase"]
[SourceDate "2023.10.10"]
[SourceVersion "1"]
[SourceVersionDate "2023.10.10"]
[SourceQuality "1"]

1. e4 c5 2. Nf3 d6 3. d4 cxd4 4. Qxd4 Nc6 5. Bb5 Bd7 6. Bxc6 Bxc6 7. Nc3 Nf6 8. Be3 e6 9. h3 Be7 10. 0-0-0 Qa5 11. Rhe1 0-0 12. Qd3 Rac8 13. Nd4 a6 14. f4 Nd7 15. Nb3 Qc7 16. Bd4 b5 17. Nd5 Bxd5 18. exd5 e5 19. Bc3 Bf6 20. Ba5 Qb7 21. f5 Rc4 22. Re4 Rfc8 23. Bc3 Bd8 24. Qe2 Rxe4 25. Qxe4 Nf6 26. Qb4 Qd7 27. Na5 Rc5 28. Nc6 Nxd5 29. Nxe5 Qxf5 30. Qg4 Bg5+ 31. Kb1 Nxc3+ 32. bxc3 Qxe5 33. Qf3 h6 34. Rf1 Bf6 35. Qa8+ Kh7 0-1

[Event "TUR-ch U13/18"]
[Site "Antalya"]
[Date "2023.01.24"]
[Round "5"]
[White "Hatirli, Ugur Can"]
[Black "Gedik, Kerem Bilge"]
[Result "0-1"]
[WhiteElo "1989"]
[BlackElo "1725"]
[PlyCount "232"]
[EventDate "2023.01.17"]
[EventType "swiss"]
[EventRounds "10"]
[EventCountry "TUR"]
[SourceTitle "EXT 2024"]
[Source "ChessBase"]
[SourceDate "2023.10.10"]
[SourceVersion "1"]
[SourceVersionDate "2023.10.10"]
[SourceQuality "1"]

1. Nf3 c5 2. g3 Nc6 3. c4 g6 4. Bg2 Bg7 5. Nc3 e5 6. d3 Nge7 7. Nd2 d6 8. Nf1 Be6 9. Ne3 a6 10. Ned5 0-0 11. 0-0 Rb8 12. a4 Nb4 13. Bg5 f6 14. Nxe7+ Qxe7 15. Bd2 Qf7 16. Ne4 Rfd8 17. f4 Qe7 18. fxe5 dxe5 19. Be3 Rbc8 20. Rc1 a5 21. Qe1 b6 22. Qf2 Rf8 23. Bd2 h6 24. Nc3 Rcd8 25. b3 f5 26. Qe1 Kh8 27. Nd1 Qd6 28. Nf2 e4 29. Bf4 Qe7 30. dxe4 g5 31. Bd2 f4 32. Bxb4 axb4 33. Nd3 Bd4+ 34. Kh1 Be3 35. Ra1 Bc8 36. a5 Bb7 37. gxf4 gxf4 38. Nf2 Rg8 39. Bf3 bxa5 40. Rxa5 Rg7 41. Rg1 Rxg1+ 42. Kxg1 Qh4 43. Bg2 Rg8 44. Kh1 Qxf2 45. Qxf2 Bxf2 46. h3 Re8 47. e5 Bxg2+ 48. Kxg2 Be3 49. Ra6 Kg7 50. e6 Kf6 51. e7+ Kxe7 52. Kf3 h5 53. Rh6 Rd8 54. Rh7+ Kf6 55. Rxh5 Rd2 56. h4 Rb2 57. Rh6+ Kg7 58. Rb6 Rxb3 59. h5 Rc3 60. h6+ Kh7 61. Kg4 f3 62. Kh5 Bxh6 63. Rxh6+ Kg7 64. exf3 Rxc4 65. Kg5 Rc3 66. Rg6+ Kf7 67. Rc6 b3 68. f4 c4 69. Rb6 Rd3 70. Rb4 Rd5+ 71. f5 Rc5 72. Rb7+ Ke8 73. Kg6 c3 74. f6 Rc6 75. Kg7 Rxf6 76. Kxf6 b2 77. Ke6 Kd8 78. Kd6 Kc8 79. Rc7+ Kb8 80. Rxc3 b1Q 81. Rc5 Qg6+ 82. Kd5 Kb7 83. Rb5+ Kc7 84. Rc5+ Kd7 85. Kd4 Qg1+ 86. Kd5 Qe3 87. Rc4 Qd3+ 88. Kc5 Ke6 89. Rd4 Qe3 90. Kc4 Ke5 91. Rd3 Qe2 92. Kc3 Ke4 93. Rd2 Qe1 94. Kc2 Qa1 95. Kb3 Ke3 96. Rd5 Qa6 97. Kb4 Ke4 98. Rd2 Qb6+ 99. Kc3 Qb5 100. Rd4+ Ke3 101. Rc4 Qa5+ 102. Kc2 Qf5+ 103. Kb3 Qd5 104. Kb4 Qd6+ 105. Kb5 Kd3 106. Rc6 Qa3 107. Kb6 Kd4 108. Kc7 Kd5 109. Rb6 Qa4 110. Kb7 Qd7+ 111. Ka8 Kc5 112. Rb2 Qa4+ 113. Kb7 Qe4+ 114. Ka7 Kc6 115. Ka8 Kc7+ 116. Ka7 Qa4# 0-1

[Event "World ol U16"]
[Site "Konya"]
[Date "2018.11.30"]
[Round "7.21"]
[White "Gedik, Kerem Bilge"]
[Black "Ni Laighleis, Aisling"]
[Result "1-0"]
[WhiteElo "1211"]
[BlackElo "1188"]
[PlyCount "41"]
[EventDate "2018.11.25"]
[EventType "team-swiss"]
[EventRounds "9"]
[EventCountry "TUR"]
[SourceTitle "CBM 187 Extra"]
[Source "ChessBase"]
[SourceDate "2018.11.04"]
[SourceVersion "1"]
[SourceVersionDate "2018.11.04"]
[SourceQuality "1"]
[WhiteTeam "Turkey Selcuklu"]
[BlackTeam "Ireland"]
[WhiteTeamCountry "TUR"]
[BlackTeamCountry "IRL"]

1. e4 e5 2. Nf3 Nc6 3. Bc4 Bc5 4. d3 d6 5. h3 h6 6. Be3 Bxe3 7. fxe3 Nf6 8. Nc3 Be6 9. Bb3 0-0 10. 0-0 Qe7 11. Nd5 Bxd5 12. exd5 Na5 13. e4 Nxb3 14. axb3 Qd7 15. Nh4 a6 16. Qe2 Rac8 17. Rxf6 Qe7 18. Raf1 c6 19. Qh5 Rc7 20. Rxh6 gxh6 21. Nf5 1-0

[Event "World ol U16"]
[Site "Konya"]
[Date "2018.11.26"]
[Round "3.22"]
[White "Juhasz, Agoston Botond"]
[Black "Gedik, Kerem Bilge"]
[Result "1-0"]
[WhiteElo "2139"]
[BlackElo "1211"]
[PlyCount "65"]
[EventDate "2018.11.25"]
[EventType "team-swiss"]
[EventRounds "9"]
[EventCountry "TUR"]
[SourceTitle "CBM 187 Extra"]
[Source "ChessBase"]
[SourceDate "2018.11.04"]
[SourceVersion "1"]
[SourceVersionDate "2018.11.04"]
[SourceQuality "1"]
[WhiteTeam "Hungary"]
[BlackTeam "Turkey Selcuklu"]
[WhiteTeamCountry "HUN"]
[BlackTeamCountry "TUR"]

1. e4 e6 2. d4 d5 3. Bd3 c5 4. exd5 cxd4 5. Bb5+ Bd7 6. Bxd7+ Qxd7 7. dxe6 Qxe6+ 8. Ne2 Nc6 9. 0-0 0-0-0 10. Nd2 g5 11. Nf3 d3 12. cxd3 g4 13. Ng5 Qg6 14. Qb3 Nh6 15. d4 Kb8 16. d5 Na5 17. Qc3 Be7 18. Bf4+ Ka8 19. Qxa5 Bxg5 20. Bc7 Rde8 21. Nd4 Nf5 22. Nb5 a6 23. d6 g3 24. Bb6 gxh2+ 25. Kh1 Bd8 26. Bxd8 Rxd8 27. Rad1 Rhg8 28. Nc7+ Ka7 29. Qc5+ b6 30. Qc6 Rxd6 31. Rxd6 Nxd6 32. Rd1 Ne4 33. Nb5+ 1-0

[Event "TUR-chT2"]
[Site "Konya"]
[Date "2018.07.12"]
[Round "4.13"]
[White "Akin, Batikan Aybey"]
[Black "Gedik, Kerem Bilge"]
[Result "1-0"]
[WhiteElo "1573"]
[BlackElo "1215"]
[PlyCount "34"]
[EventDate "2018.07.10"]
[EventType "team-swiss"]
[EventRounds "9"]
[EventCountry "TUR"]
[SourceTitle "EXT 2019"]
[Source "ChessBase"]
[SourceDate "2018.10.10"]
[SourceVersion "1"]
[SourceVersionDate "2018.10.10"]
[SourceQuality "1"]
[WhiteTeam "Mugla Dalaman"]
[BlackTeam "Konya Selcuklu Belediyesi"]
[WhiteTeamCountry "TUR"]
[BlackTeamCountry "TUR"]

1. e4 e6 2. d4 d5 3. Nd2 c5 4. exd5 exd5 5. dxc5 Bxc5 6. Nb3 Bb6 7. Nf3 h6 8. Bb5+ Nc6 9. 0-0 Nf6 10. Nfd4 Qd6 11. Re1+ Kf8 12. h3 Bd7 13. Nf3 g5 14. Be3 Bc7 15. Bc5 g4 16. Bxd6+ Bxd6 17. Bxc6 bxc6 1-0